00335cam a22001097a 4500008004000000082001400040100002300054245007400077260002800151300000900179650003700188180718b1992 xxu||||| |||| 00| 0 eng d aT312 K113 aKabra, Kamal Nayan aFinancial sector scam: fruits of liberalisationcby Kamal Nayan Kabra aNew DelhibSehyogc1992 a37p. aFinancial planners - Malpractice